Music Quiz

Random Music or Lyrics Quiz

Hissing Fauna Songs Quiz Stats

 Plays Quiz not verified by Sporcle

Challenge
Share
Tweet
Embed
Score 0/12 Timer 07:00
0 Plays Today
Lyrics Song % Correct
We've got to keep our little clique clicking at 130 BPM, it's not too slowSuffer for Fashion
86.1%
Daylight, I'm so absentminded, night time, meeting new anxietiesGronlandic Edit
86.1%
Sometimes I wonder if you're mythologizing me like I do youThe Past Is a Grotesque Animal
75%
And don't say that I have changed, 'cause man of course I haveCato as a Pun
72.2%
Strike me with your riding crop, I'm forever going celibate tomorrowShe's a Rejecter
69.4%
I'm always so dubious of your intent, like I can't afford to replace what you've spentHeimdalsgate Like a Promethean Curse
63.9%
I've got a tigress back at home and besides, you wouldn't know what to do with meBunny Ain't No Kind of Rider
61.1%
I'm no different from the claw they mic from the stairSink the Seine
58.3%
I got my Georgie Fruit on, he's a dark mutationLabyrinthian Pomp
50%
And through many dreadful nights I lay praying to a saint that nobody has heard ofA Sentence of Sorts in Kongsvinger
47.2%
Yours were not so Nazi feline, mine were as dead as monks and our particles are in motionWe Were Born the Mutants Again with Leafling
47.2%
I won't take the stage straight, understand, under capes with druggy cock dragonsFaberge Falls for Shuggie
44.4%

You're not logged in!

Compare scores with friends on all Sporcle quizzes.
Join for Free
OR
Log In

You Might Also Like...

Show Comments

Extras

Top Quizzes Today


Score Distribution

Your Account Isn't Verified!

In order to create a playlist on Sporcle, you need to verify the email address you used during registration. Go to your Sporcle Settings to finish the process.

Report this User

Report this user for behavior that violates our Community Guidelines.

Details: